| 000 | 00663nam a22002175a 4500 | ||
|---|---|---|---|
| 005 | 20170220112458.0 | ||
| 008 | 170220t2016 gw frb 000 0 eng d | ||
| 020 | _a9783659856327 | ||
| 040 |
_aEG-ScBUE _beng _cEG-ScBUE _dEG-ScBUE |
||
| 082 | 0 | 4 |
_a158.1 _bSOL _222 |
| 100 | 1 | _aSoliman, Nagwa. | |
| 245 | 1 | 0 |
_aMirrors of our double selves / _cNagwa Soliman. |
| 260 |
_aSaarbrücken : _bLAP LAMBERT Academic Publishing, _cc.2016. |
||
| 300 |
_a46 p. ; _c24 cm. |
||
| 504 | _aIncludes bibliographical references. | ||
| 590 | _aComposed by BUE staff. | ||
| 650 | 7 |
_aSelf-realization. _2BUEsh |
|
| 651 | _2BUEsh | ||
| 653 |
_bHHUUPPSS _cFebruary2017 |
||
| 942 | _2ddc | ||
| 999 |
_c24203 _d24175 |
||